000 00473nam a22001817a 4500
003 MPLRDC
005 20220104123320.0
008 210129b ||||| |||| 00| 0 eng d
082 _a783.18 SXXZZ c.2
100 _a不详
245 _a松下幸之助奋斗史
_c
250 _a初版
260 _a台湾
_b雅迪贸易有限公司
_c
300 _b251
490 _a雅迪漫画丛书
650 _a日本人物传记--松下幸之助
942 _cBK
_o783.18 SXXZZ c.2
999 _c10336
_d10326